[Event "ROM-chT U16"]
[Site "Iasi"]
[Date "2018.07.18"]
[Round "7.2"]
[White "Padurariu, Mihai Edward"]
[Black "Tugurlan, Ionut Cristian"]
[Result "1-0"]
[WhiteElo "2107"]
[BlackElo "1637"]
[PlyCount "99"]
[EventDate "2018.07.13"]
[EventType "team-swiss"]
[EventRounds "7"]
[EventCountry "ROU"]
[SourceTitle "EXT 2020"]
[Source "ChessBase"]
[SourceDate "2019.10.17"]
[SourceVersion "1"]
[SourceVersionDate "2019.10.17"]
[SourceQuality "1"]
[WhiteTeam "Galati CC"]
[BlackTeam "Iasi Philidor"]
[WhiteTeamCountry "ROU"]
[BlackTeamCountry "ROU"]

1. e4 e5 2. Bc4 Nc6 3. Nc3 Nf6 4. d3 d6 5. f4 Be7 6. Nf3 Bg4 7. Bb5 Bxf3 8. Qxf3 Qd7 9. Nd5 a6 10. Bxc6 bxc6 11. Nxe7 Qxe7 12. 0-0 0-0 13. Bd2 d5 14. fxe5 Qxe5 15. Bc3 d4 16. Be1 Rac8 17. Bg3 Qc5 18. Bh4 Nd7 19. Qe2 f6 20. Rf5 Qe7 21. Bg3 Ne5 22. b3 Rce8 23. h3 Qe6 24. Raf1 Qe7 25. a4 Qe6 26. Qd2 c5 27. Kh1 Rc8 28. Qe1 Rce8 29. Kg1 Rc8 30. Qa5 g6 31. R5f2 Qb6 32. Qd2 Qe6 33. Qh6 Qe7 34. Bh4 Nd7 35. Bg3 Qg7 36. Qd2 Qe7 37. Qa5 Nb8 38. Bh4 g5 39. Bg3 Qe6 40. Qxc5 Nd7 41. Qxd4 c5 42. Qe3 Kg7 43. Rf5 h6 44. Qf3 Qe7 45. Qf2 Ne5 46. Bxe5 fxe5 47. Rxf8 Rxf8 48. Qxf8+ Qxf8 49. Rxf8 Kxf8 50. Kf2 1-0

[Event "ROM-ch U12"]
[Site "Calimanesti"]
[Date "2015.04.02"]
[Round "5"]
[White "Macovei, Nicolae Cristian"]
[Black "Tugurlan, Ionut Cristian"]
[Result "0-1"]
[WhiteElo "1267"]
[BlackElo "1555"]
[PlyCount "102"]
[EventDate "2015.03.30"]
[EventType "swiss"]
[EventRounds "9"]
[EventCountry "ROU"]
[SourceTitle "CBM 165 Extra"]
[Source "ChessBase"]
[SourceDate "2015.04.21"]
[SourceVersion "1"]
[SourceVersionDate "2015.04.21"]
[SourceQuality "1"]

1. d4 d5 2. Nf3 Nf6 3. Bg5 e6 4. e3 Be7 5. c4 0-0 6. Nc3 h6 7. Bh4 b6 8. cxd5 exd5 9. Bd3 Bb7 10. 0-0 Ne4 11. Bxe7 Qxe7 12. Qc2 Nd7 13. Rfd1 Ndf6 14. Bxe4 dxe4 15. Nd2 Rfe8 16. Rac1 c5 17. Nb3 cxd4 18. Rxd4 Red8 19. Rcd1 Rac8 20. Qd2 Rxd4 21. Nxd4 Qc5 22. Nb3 Qf5 23. h3 Ba6 24. Qd4 Bd3 25. Nc1 Bc4 26. b3 Be6 27. N1e2 Qc5 28. Rc1 Qxd4 29. exd4 Bf5 30. g4 Bg6 31. Nf4 Kh7 32. Kg2 h5 33. gxh5 Bxh5 34. Nxh5 Nxh5 35. Ne2 Nf4+ 36. Kh2 Rxc1 37. Nxc1 Nd3 38. d5 Kg8 39. d6 Kf8 40. d7 Ke7 41. d8Q+ Kxd8 42. Ne2 Nxf2 43. Kg2 Nd3 44. Nc3 f5 45. Kf1 Kd7 46. Ke2 Nf4+ 47. Ke3 Nxh3 48. Nd5 Kd6 49. Nc3 a6 50. Ne2 Ke5 51. Ng3 f4+ 0-1

[Event "ROM-ch U12"]
[Site "Calimanesti"]
[Date "2014.04.13"]
[Round "9"]
[White "Tugurlan, Ionut Cristian"]
[Black "Chiscop, Ioan"]
[Result "1-0"]
[WhiteElo "1538"]
[BlackElo "1104"]
[PlyCount "71"]
[EventDate "2014.04.06"]
[EventType "swiss"]
[EventRounds "9"]
[EventCountry "ROU"]
[SourceTitle "CBM 160 Extra"]
[Source "ChessBase"]
[SourceDate "2014.07.01"]
[SourceVersion "1"]
[SourceVersionDate "2014.07.01"]
[SourceQuality "1"]

1. f4 e5 2. fxe5 d6 3. exd6 Bxd6 4. Nf3 Nf6 5. d4 0-0 6. e3 Bg4 7. Be2 Ne4 8. 0-0 f5 9. Nbd2 Ng5 10. Nxg5 Bxe2 11. Qxe2 Qxg5 12. Nc4 Nd7 13. Nxd6 cxd6 14. e4 Qg6 15. exf5 Rxf5 16. Rxf5 Qxf5 17. c3 Rf8 18. b3 Rf6 19. Ba3 Rh6 20. Rf1 Qe6 21. Qxe6+ Rxe6 22. Kf2 Nf6 23. Kg1 Re2 24. Bxd6 Rxa2 25. g4 Nd7 26. Re1 h6 27. Re8+ Kf7 28. Re7+ Kf6 29. Rxd7 Ke6 30. Rxg7 Kxd6 31. Rxb7 Rc2 32. c4 Rc1+ 33. Kg2 Rc2+ 34. Kg3 Rc3+ 35. Kf4 Rd3 36. Ke4 1-0

[Event "ROM-ch U10"]
[Site "Calimanesti"]
[Date "2013.04.05"]
[Round "5"]
[White "Stroe, Flavius Gabriel"]
[Black "Tugurlan, Ionut Cristian"]
[Result "0-1"]
[WhiteElo "1535"]
[BlackElo "1164"]
[PlyCount "78"]
[EventDate "2013.04.02"]
[EventType "swiss"]
[EventRounds "9"]
[EventCountry "ROU"]
[SourceTitle "CBM 153 Extra"]
[Source "ChessBase"]
[SourceDate "2013.04.22"]
[SourceVersion "1"]
[SourceVersionDate "2013.04.22"]
[SourceQuality "1"]

1. d4 d5 2. c4 e6 3. Nc3 Nf6 4. Bg5 Be7 5. e3 h6 6. Bh4 0-0 7. Nf3 b6 8. Bd3 Bb7 9. cxd5 Nxd5 10. Bxe7 Qxe7 11. Nxd5 Bxd5 12. 0-0 Nd7 13. Rc1 c5 14. b3 Rac8 15. Bb5 Bc6 16. Bxc6 Rxc6 17. dxc5 Rxc5 18. Rxc5 Nxc5 19. Qc2 Rd8 20. Rd1 Ne4 21. Rxd8+ Qxd8 22. h3 Nf6 23. Qd2 Qxd2 24. Nxd2 Nd5 25. Kf1 Nc3 26. a4 Kf8 27. Ke1 Ke7 28. f3 Kd6 29. Nc4+ Kc5 30. Ne5 f6 31. Nd3+ Kd6 32. Kd2 Nd5 33. e4 Ne7 34. Ke3 Nc6 35. Nf4 g5 36. Ne2 e5 37. Kd3 Kc5 38. Kc3 a5 39. Nc1 Nb4 0-1

[Event "ROM-ch U10"]
[Site "Calimanesti"]
[Date "2013.04.05"]
[Round "6"]
[White "Tugurlan, Ionut Cristian"]
[Black "Fotache, Tudor Felix"]
[Result "1-0"]
[WhiteElo "1164"]
[BlackElo "1524"]
[PlyCount "115"]
[EventDate "2013.04.02"]
[EventType "swiss"]
[EventRounds "9"]
[EventCountry "ROU"]
[SourceTitle "CBM 153 Extra"]
[Source "ChessBase"]
[SourceDate "2013.04.22"]
[SourceVersion "1"]
[SourceVersionDate "2013.04.22"]
[SourceQuality "1"]

1. e4 d6 2. d4 Nf6 3. Nc3 Nbd7 4. Nf3 e5 5. Bc4 Be7 6. 0-0 0-0 7. Re1 c6 8. Bg5 Qc7 9. Qd2 Rd8 10. dxe5 dxe5 11. Qe2 Nf8 12. h3 Ng6 13. Qe3 Nh5 14. Bxe7 Qxe7 15. Ng5 Rf8 16. Nf3 Nhf4 17. Ne2 Kh8 18. Ng3 f5 19. exf5 Bxf5 20. Nxe5 Qxe5 21. Qxe5 Nxe5 22. Rxe5 Bxc2 23. Rc1 Nd3 24. Bxd3 Bxd3 25. Re7 Ba6 26. Nh5 g6 27. Ng3 Rad8 28. Ne4 Rfe8 29. Rxe8+ Rxe8 30. Nc5 Rc8 31. Nxa6 bxa6 32. Kf1 c5 33. Rc4 Kg7 34. b4 Kf6 35. bxc5 Ke5 36. c6 Kd6 37. c7 Rxc7 38. Rxc7 Kxc7 39. Ke2 Kd6 40. Ke3 Ke5 41. f4+ Kd5 42. Kd3 h5 43. g4 h4 44. Ke3 a5 45. a4 Kd6 46. Kd4 a6 47. Ke4 Ke6 48. f5+ gxf5+ 49. gxf5+ Kf6 50. Kf4 Kf7 51. Kg5 Kg7 52. Kxh4 Kf6 53. Kg4 Kg7 54. Kg5 Kf7 55. f6 Kf8 56. Kg6 Kg8 57. f7+ Kf8 58. h4 1-0

[Event "ROM-ch U10"]
[Site "Calimanesti"]
[Date "2013.04.03"]
[Round "3"]
[White "Petrache, Flavius Gabriel"]
[Black "Tugurlan, Ionut Cristian"]
[Result "1/2-1/2"]
[WhiteElo "1596"]
[BlackElo "1164"]
[PlyCount "161"]
[EventDate "2013.04.02"]
[EventType "swiss"]
[EventRounds "9"]
[EventCountry "ROU"]
[SourceTitle "CBM 153 Extra"]
[Source "ChessBase"]
[SourceDate "2013.04.22"]
[SourceVersion "1"]
[SourceVersionDate "2013.04.22"]
[SourceQuality "1"]

1. d4 d5 2. c4 e6 3. Nc3 Nf6 4. Nf3 Be7 5. Bg5 h6 6. Bh4 0-0 7. e3 b6 8. Bd3 Bb7 9. 0-0 Nbd7 10. cxd5 Nxd5 11. Bxe7 Qxe7 12. Nxd5 Bxd5 13. Rc1 c5 14. dxc5 Nxc5 15. Bc4 Bxc4 16. Rxc4 Rfd8 17. Qc2 Qd6 18. Rd4 Qe7 19. Rfd1 Rxd4 20. exd4 Na6 21. Qe2 Nc7 22. h3 Nd5 23. Qe4 Rc8 24. Re1 Qb4 25. Qe2 Qc4 26. b3 Qxe2 27. Rxe2 Rc1+ 28. Kh2 Nb4 29. a3 Nd5 30. Rb2 Ra1 31. a4 Nb4 32. Kg3 g5 33. h4 f6 34. Re2 Kf7 35. hxg5 hxg5 36. Re3 Rc1 37. Re2 Rc3 38. Rb2 Nc2 39. Kg4 Kg6 40. Kg3 Nxd4 41. b4 Nxf3 42. gxf3 Ra3 43. a5 bxa5 44. bxa5 Rxa5 45. Kg2 a6 46. Rb6 Kf5 47. Rc6 Ra4 48. Rc5+ e5 49. Rc8 Ra3 50. Rf8 a5 51. Ra8 Ra1 52. Ra6 a4 53. Ra8 a3 54. Ra7 a2 55. Ra6 Kg6 56. Ra7 Kf5 57. Ra6 e4 58. Ra5+ Kf4 59. Ra4 f5 60. fxe4 fxe4 61. Ra8 Kg4 62. Ra4 Kh5 63. Ra8 g4 64. Ra5+ Kg6 65. Ra6+ Kg7 66. Ra4 Kf6 67. Ra5 Ke6 68. Ra8 Kd5 69. Rd8+ Kc4 70. Rc8+ Kd3 71. Rd8+ Ke2 72. Ra8 Kd3 73. Rd8+ Kc4 74. Rc8+ Kb5 75. Rb8+ Kc6 76. Ra8 Kc5 77. Rc8+ Kd4 78. Rd8+ Kc3 79. Rc8+ Kd2 80. Rd8+ Ke2 81. Ra8 1/2-1/2

[Event "ROM-ch U10"]
[Site "Calimanesti"]
[Date "2013.04.03"]
[Round "2"]
[White "Tugurlan, Ionut Cristian"]
[Black "Caraba, Alexandru"]
[Result "1-0"]
[WhiteElo "1164"]
[BlackElo "1577"]
[PlyCount "57"]
[EventDate "2013.04.02"]
[EventType "swiss"]
[EventRounds "9"]
[EventCountry "ROU"]
[SourceTitle "CBM 153 Extra"]
[Source "ChessBase"]
[SourceDate "2013.04.22"]
[SourceVersion "1"]
[SourceVersionDate "2013.04.22"]
[SourceQuality "1"]

1. e4 c5 2. Nf3 g6 3. c3 Nc6 4. d4 cxd4 5. cxd4 d5 6. e5 Bg4 7. Be2 Nh6 8. h3 Bxf3 9. Bxf3 Nf5 10. Be3 e6 11. Bg4 Nxe3 12. fxe3 Qb6 13. Qe2 Bb4+ 14. Nd2 h5 15. Bf3 Ne7 16. 0-0 Nf5 17. Qf2 0-0 18. Nb3 f6 19. g4 hxg4 20. hxg4 Ng7 21. Qg3 Qc7 22. Be2 fxe5 23. Qxe5 Qxe5 24. dxe5 Rxf1+ 25. Rxf1 Rf8 26. Rc1 a5 27. a3 a4 28. axb4 axb3 29. Bd3 1-0

[Event "ROM-ch U10"]
[Site "Calimanesti"]
[Date "2013.04.02"]
[Round "1"]
[White "Sarbu, Zeno Iulius"]
[Black "Tugurlan, Ionut Cristian"]
[Result "1/2-1/2"]
[WhiteElo "1477"]
[BlackElo "1164"]
[PlyCount "96"]
[EventDate "2013.04.02"]
[EventType "swiss"]
[EventRounds "9"]
[EventCountry "ROU"]
[SourceTitle "CBM 153 Extra"]
[Source "ChessBase"]
[SourceDate "2013.04.22"]
[SourceVersion "1"]
[SourceVersionDate "2013.04.22"]
[SourceQuality "1"]

1. e4 e5 2. Nf3 Nc6 3. Bc4 Bc5 4. d3 Nf6 5. Bb3 d6 6. h3 Be6 7. c3 Bb6 8. Nbd2 0-0 9. Nf1 h6 10. Ng3 Qd7 11. Nh4 Ne7 12. Qf3 Bxb3 13. axb3 d5 14. 0-0 Rfe8 15. Bxh6 Ng6 16. Bg5 Re6 17. Qe2 Nh7 18. Nf3 Nxg5 19. Nxg5 Nf4 20. Qg4 Rd6 21. Nf5 Rd8 22. Nxd6 Qxg4 23. hxg4 Rxd6 24. Rfd1 Rg6 25. Nh3 Rxg4 26. Nxf4 Rxf4 27. d4 exd4 28. cxd4 Rxe4 29. Rac1 Rxd4 30. Rxd4 Bxd4 31. Rxc7 Bxb2 32. Rxb7 a5 33. Kf1 Bc3 34. Ke2 d4 35. Kd3 Be1 36. Kxd4 Bxf2+ 37. Kc4 Be1 38. Kd5 Kf8 39. Kc6 g5 40. Kd5 g4 41. Ke5 g3 42. Kf4 Kg7 43. Rc7 Bb4 44. Rc2 Be1 45. Kf3 Bf2 46. Rb2 Kg6 47. b4 axb4 48. Rxb4 Kg5 1/2-1/2